04799nam a2200373 a 4500001000900000003000500009005001700014007000300031008004100034040002300075041001300098100003100111240009200142245011800234264004200352300005300394336002700447337002800474338002800502500004000530502012800570504002800698520174000726520160102466650003004067650003804097650003004135650003704165650002804202700003904230700004004269700004904309856006704358dia_7821CHAP20240618125117.0ta220601s2019 mx od fsm 001 0 spa d amxchpuacCHAPerda0 aspabeng1 aGarcía Maceda, Guadalupe10aFlour development from seeds of Leucanea esculenta (DC) benth for food use. lEspañol10aDesarrollo de una harina de semilla de guaje Leucaena esculenta para uso alimenticio /cGuadalupe García Maceda aChapingo, México :bEl autor,c2019 axi, 92 hojas :bilustraciones, fotos +e1 CD-ROM 2rdacontentatextobtxt 2rdamediaano mediadobn 2rdacarrieravolumenbnc aEl CD contiene artículo y reporte aTesis b(Maestro en Ciencia y Tecnología Agroalimentaría) -- cUACh. Departamento de Ingeniería Agroindustrial,d2019 aIncluye bibliografías3 aLas semillas de Leucaena esculenta, pertenecientes a la familia Leguminosae, se caracterizan por su alto valor nutritivo. En diferentes comunidades de México se consumen frescas, sin embargo, las semillas secas son subutilizadas. El objetivo de esta investigación fue modificar algunas propiedades nutricionales de las semillas secas de Leucaena esculenta, mediante un proceso termoalcalino, para la obtención de una harina útil en la preparación de alimentos. Para optimizar el proceso termoalcalino se aplicó el diseño San Cristóbal, teniendo como respuestas el calcio y la proteína. Las propiedades nutricionales y nutracéuticas de las semillas procesadas fueron comparadas con aquellas de las semillas sin procesar, además, en las semillas procesadasse evaluó la toxicidad y se aislaron las fracciones proteicas. De acuerdo con los resultados, las condiciones óptimas del proceso termoalcalino fueron las siguientes: para 100 g de semillas se utilizó una solución (300 mL) de óxido calcio a una concentración de 0.004 g mL-1, 42 minutos de cocción y 8 h de reposo. En la harina de semillas secas con proceso termoalcalino el calcio aumentó en un 85 %, la fibra cruda fue 14.89 % menor, además se determinó que el ácido graso más abundante fue el linoleico (35.80 %) y que las fraccionesproteicas mayoritarias corresponden a las glutelinas (56.40 %). Finalmente, la mimosina, aminoácido tóxico presente en las plantas del género Leucaena, no presentó diferencias significativas respecto a las semillas sin procesar. El desarrollo de esta harina, mediante la optimización del proceso termoalcalino, permitirá dar un uso alternativo a las semillas secas de Leucaena esculenta.3 aSeeds of Leucaena esculenta belong to the Leguminosae family and they have a high nutritional value. Fresh seeds are consumed in different communities of Mexico; however, dried seeds are underutilized. The objective of this research was to modify some nutritional properties of the dried seeds of Leucaena esculenta by a thermal-alkaline process, in order to obtain a useful flour for food preparation. A San Cristóbal design was used to optimize the thermal-alkaline process with calcium and protein as response variables. The nutritional andnutraceutical properties of the processed seeds (thermal-alkaline) were compared with those of the unprocessed raw seeds, in addition, in the processed seeds the toxicity was evaluated and the protein fractions were isolated. The optimal conditions of the thermal-alkaline process were: for 100 g of seeds a solution (300mL) of calcium oxide at a concentration of 0.004 g mL-1, 42 minutes of cooking and 8 h of rest. Calcium increased in 85 %, in flour of dry seeds with thermalalkaline process, crude fiber was 14.89 % smaller with respect to the unprocessed seeds. In addition it was determined that the most abundant fatty acid was thelinoleic (35.80 %) and that the majority protein fractions correspond to the glutelins (56.40 %). Finally, mimosine, a toxic amino acid present in seeds of the genus Leucaena did not present significant differences regarding the unprocessed seeds. The development of this flour, through the optimization of the thermalalkaline process, may be an alternative for the utilization of dry seeds of Leucaena esculenta.13aLeucaena esculenta 2atg13aLeucaena esculenta xHarina2atg13aIndustria molinera 2atg13aLeucaena esculenta xFlour2atg10aMilling industry 2atg1 aGuerra Ramírez, Dianaedirectora1 aYbarra Moncada, Ma. Carmeneasesora1 aCasañas Pimentel, Rocio Guadalupeeasesora41uhttp://10.13.5.2/tesis/tm/OPTIMIZACIONGUAJE.pdfyDESCARGAR PDF